000 00881nam a2200277 i 4500
001 53835
003 ES-MaACL
005 20251007170431.0
007 t|
008 031114s2002 sp ||||0| spa d
020 _a84-8164-520-6
040 _aM-BN
_bspa
_cM-BN
080 _a17"19"
080 _a2:17
245 0 0 _aReivindicación de una ética mundial /
_cedición de Hans Küng ; traducción de Daniel Romero.
260 _aMadrid :
_bTrotta,
_c[2002]
300 _a237 p ;
_c23 cm.
490 1 _aMateriales para el diálogo interreligioso ;
_v3
650 1 4 _aEtica-
_yS.XX.
_912583
650 1 7 _aReligión y moral
_2embne
_916812
700 1 _aKüng, Hans,
_d1928-
_968961
700 1 _aRomero, Daniel.
_999314
830 0 _aMateriales para el diálogo interreligioso ;
_v3
_9180686
852 _aES-MaACL
_jL-26608
_bR.132255
999 _c53835
_d53835